| 000 | 00483nam a2200181Ia 4500 | ||
|---|---|---|---|
| 008 | 240925s9999 xx 000 0 und d | ||
| 020 | _a978012374137 | ||
| 082 | _a004.6 PET | ||
| 100 | _aPeterson ,Larry L. | ||
| 245 | 0 | _aComputer Networks | |
| 250 | _a4th | ||
| 260 |
_aAmsterdam: _bElsevier _c,2007. |
||
| 300 |
_a877,xip. _bN.A _fPhotocopy |
||
| 500 | _aIncludes Index | ||
| 600 | _aComputer Science | ||
| 650 | _aComputer science, information & general works | ||
| 942 | _cBK | ||
| 999 |
_c11487 _d11487 |
||